000 01955cam a22004934i 4500
003 PE-LiUPU
005 20250731184531.0
008 150623s r 000 0 d
020 _a0805462848
035 _a(Sirsi) i9780805462845
040 _aPE-LiUPU
_bspa
_cPE-LiUPU
_erda
049 _aPRUA
082 0 4 _a933.01
_bK17
_221
100 1 _aKaiser, Walter C.,
_eautor.
245 1 0 _aHistory of Israel: from the bronze age through the Jewish wars /
_cWalter C. Kaiser, Jr.
264 1 _aNashville, Tennessee :
_bBroadman and Holman Publishing,
_c1998.
300 _a540 páginas :
_bilustraciones, cuadros, mapas, gráficos ;
_c24 centímetros
336 _atext
_2rdacontent
337 _aunmediated
_2rdamedia
338 _avolume
_2rdacarrier
500 _aGlosario, p. 493-508.
504 _aIncluye bibliografía.
505 0 _aThe Patriarchs and the Residence in Egypt-. The Sojourn in Egypt, the Exodus and Sinai-. The Israelite Occupati;on of the Land-. The Period of the Judges-. The Monarchy-. The Divided Monarchy: The Independent Kingdoms of Isreal and Judah-. The Babylonian Exile 605-536 B.C.-. The Persian Hegemony-. The Intertestamental Period.
526 _aP136
526 _aP135
526 _aP134
526 _aP133
526 _aP144
526 _aP143
526 _aP87
526 _aP35
526 _aP20
526 _aP14
526 _aP10
526 _aP06
630 _aBiblia.
_pA.T.
_xHistoria de los acontecimientos bíblicos.
650 0 4 _aJudios
_xHistoria
_y70 dC.
942 _2ddc
_cBOOK
949 _a933.01 K17
_wDEWEY
_c1
_i45691
_lCCODEBUL1
_mBUL
_r0
_sY
_tBOOK
_u2015-6-24
_xTEOLOGIA
_PP35
_0COMPRA
_o.STAFF. Colección General
994 _aC0
_bPEPRU
596 _a1
999 _a933.01 K17
_wDEWEY
_c22570
_i45691
_d22570
_f2021-11-11
_g5
_lCCODEBUL1
_mBUL
_q1
_r0
_sY
_tBOOK
_u2015-6-24
_xTEOLOGIA
_PP35
_0COMPRA
_o.STAFF. Colección General
980 _81
_gALBERTO SANCHEZ Responsable de Automatización